书目信息 |
| 题名: |
建筑工程招投标实务与案例分析
|
|
| 作者: | 李志生 主编 | |
| 分册: | ||
| 出版信息: | 北京 机械工业出版社 2020.1 |
|
| 页数: | 254页 | |
| 开本: | 26cm | |
| 丛书名: | ||
| 单 册: | ||
| 中图分类: | TU723.2 | |
| 科图分类: | ||
| 主题词: | 建筑工程--招标--案例 , 建筑工程--投标--案例 | |
| 电子资源: | ||
| ISBN: | 978-7-111-45899-9 | |
| 000 | 00996nam0 2200253 45 | |
| 001 | 012001000840 | |
| 005 | 20211013145025.45 | |
| 010 | @a978-7-111-45899-9@dCNY39.80 | |
| 100 | @a20140709d2014 em y0chiy50 ea | |
| 101 | 0 | @achi |
| 102 | @aCN@b110000 | |
| 105 | @ay z 000yy | |
| 106 | @ar | |
| 200 | 1 | @a建筑工程招投标实务与案例分析@Ajian zhu gong cheng zhao tou biao shi wu yu an li fen xi@b专著@f李志生主编 |
| 205 | @a2版 | |
| 210 | @a北京@c机械工业出版社@d2020.1 | |
| 215 | @a254页@d26cm | |
| 330 | @a本书内容包括:建筑工程招标方式和招标范围,建筑工程招标程序,建筑工程评标方法,建筑工程招标文件,建筑工程投标策略,建筑工程投标程序,建筑工程投标文件,建筑工程开标、评标与定标,建筑工程合同,建筑工程招标投标的监管、投诉、违法责任与处理,建筑工程招标的代理与代理机构。 | |
| 606 | 0 | @a建筑工程@x招标@x案例 |
| 606 | 0 | @a建筑工程@x投标@x案例 |
| 690 | @aTU723.2@v5 | |
| 701 | 0 | @a李志生@Ali zhi sheng@4主编 |
| 801 | 0 | @aCN@bBJSDL@c20211011 |
| 905 | @b1336002-5@dTU723.2@e1951=2@f4 | |
| 建筑工程招投标实务与案例分析/李志生主编.-2版.-北京:机械工业出版社,2020.1 |
| 254页;26cm |
| ISBN 978-7-111-45899-9:CNY39.80 |
| 本书内容包括:建筑工程招标方式和招标范围,建筑工程招标程序,建筑工程评标方法,建筑工程招标文件,建筑工程投标策略,建筑工程投标程序,建筑工程投标文件,建筑工程开标、评标与定标,建筑工程合同,建筑工程招标投标的监管、投诉、违法责任与处理,建筑工程招标的代理与代理机构。 |
| ● |
| 相关链接 |
|
|
|
|
正题名:建筑工程招投标实务与案例分析
索取号:TU723.2/1951=2
 
预约/预借
| 序号 | 登录号 | 条形码 | 馆藏地/架位号 | 状态 | 备注 |
| 1 | 1336002 | 213360021 | 第二样本阅览室/ [索取号:TU723.2/1951=2] | 在馆 | |
| 2 | 1336003 | 213360030 | 第三借阅区/ [索取号:TU723.2/1951=2] | 在馆 | |
| 3 | 1336004 | 213360049 | 第三借阅区/ [索取号:TU723.2/1951=2] | 在馆 | |
| 4 | 1336005 | 213360058 | 第三借阅区/ [索取号:TU723.2/1951=2] | 在馆 |